000 02169cam a22004934i 4500
003 PE-LiUPU
005 20250731172836.0
008 150825s2013 xxua r 000 0 eng d
020 _a9780825442742
035 _a(Sirsi) i9780825442742
040 _aPE-LiUPU
_bspa
_cPE-LiUPU
_erda
049 _aPRUA
082 0 4 _a254
_bC23
_2
100 1 _aCannings, Paul,
_eautor.
245 1 0 _aMaking your vision a reality :
_bproven steps to develop and implement your church vision plan /
_cPaul Cannings.
264 1 _aGrand Rapids :
_bKregel Ministry,
_c[2013].
300 _a170 páginas. :
_bilustraciones. ;
_c23 centímetros
336 _atext
_2rdacontent
337 _aunmediated
_2rdamedia
338 _avolume
_2rdacarrier
505 0 _aThe need for vision -- A biblical overview of New testament church -- Designing your church's vision -- Process for vision to strategy development -- Moving from vision to ministry -- Leadership that makes a difference -- Selecting leaders to shape the vision -- Staffing the strategy for implementing the vision statement -- Designing a budget that impacts the vision -- Concluding statements -- Ministry flow charts.
526 _aSEG42
526 _aSEG41
526 _aSEG40
526 _aSEG39
526 _aP94
526 _aP87
526 _aP86
526 _aP85
526 _aP77
526 _aP76
526 _aP35
650 4 _aCrecimiento de iglesia.
650 4 _aGestión Iglesia.
650 4 _aLiderazgo cristiano.
650 4 _aTeología Pastoral.
_91381
910 _acce
_bjvq
_ccce
_d20150825
942 _2ddc
_cBOOK
949 _aPGT 254 C23
_wDEWEY
_c1
_i71480
_d2015-11-18
_lCCODEBUL1
_mBUL
_p15.00
_q1
_r0
_sY
_tBOOK
_u2015-8-25
_xTEOLOGIA
_PP85
_0COMPRA
_o.CIRCNOTE. No olvidar cambiar la fecha de devolución!!!!!!!
_o.STAFF. Posgrado
994 _aC0
_bPEPRU
596 _a1
999 _aPGT 254 C23
_wDEWEY
_c6982
_i71480
_d6982
_f2021-11-10
_g5
_lCCODEBUL1
_mBUL
_p15.00
_q1
_r0
_sY
_tBOOK
_u2015-8-25
_xTEOLOGIA
_PP85
_0COMPRA
_o.CIRCNOTE. No olvidar cambiar la fecha de devolución!!!!!!!
_o.STAFF. Posgrado
980 _81
_gALBERTO SANCHEZ Responsable de Automatización